Countries with F-35 fighter jets - Statistics

General Stats
  • This quiz has been taken 53 times
  • The average score is 7 of 11
Answer Stats
Amount Country % Correct
622 United States
98%
40 UK
86%
72 Australia
65%
32 Italy
59%
45 Japan
59%
6 Poland
59%
46 Israel
53%
52 Norway
53%
17 Denmark
45%
40 South Korea
43%
42 Netherlands
35%
No matching quizzes found
Score Distribution
Percent of People with Each Score
Percentile by Number Answered
Your Score History
You have not taken this quiz